000
00487nam a2200181Ia 4500
008
100917s9999 xx 000 0 und d
082
_b
49165
100
_a
लागू चिंतामणी
245
_a
व्हीनस
260
_b
दिलीप प्रकाशन
_c
1981
300
_a
---
365
_b
22
520
_a
कादंबरी
630
_a
व्हीनस
650
_a
कादंबरी
730
_a
व्हीनस
942
_c
BOOK
999
_c
654559
_d
654556